An anatomy of violence in El Salvador /

Salvato in:
Dettagli Bibliografici
Autore principale: Chávez, Joaquín M.
Natura: testo
Soggetti:
Tags: Aggiungi Tag
Nessun Tag, puoi essere il primo ad aggiungerne!!

MARC

LEADER 00000 a a2200000 04500
001 10007
003
040
100 |a Chávez, Joaquín M.  
245 |a An anatomy of violence in El Salvador /  |c Joaquín M. Chávez 
650 |a VIOLENCIA  
650 |a GUERRA  
650 |a REPRESION  
650 |a MILITARISMO  
650 |a CONDICIONES SOCIALES  
650 |a EL SALVADOR  
773 |g volumen 37, número 6; páginas 31-37  
999 |c 34301  |d 34301